000 00582nam a22001937a 4500
005 20251108165855.0
008 250721s2003 xx 000 0 ara d
082 1 4 _a218.32/عبد
100 1 _aعبد الله، محمد محمود
245 1 0 _aعالج نفسك بالقرآن و الدعاء /
264 1 _aعمان :
_bدار عالم الثقافة للنشر و التوزيع،
_c2003.
300 _a96ص
650 1 7 _aالإسلام
650 1 7 _aالقرآن الكريم
650 1 7 _aالذكر
650 1 7 _aالدعاء
942 _2ddc
_cBK
999 _c33568
_d33568